000 00384nam a2200145Ia 4500
008 230917s9999||||xx |||||||||||||| ||und||
040 _e220530
_aMAIN
041 _aEnglish
082 _a512.22 Z66R
100 _aZimmermann, Alexander
245 0 _aRepresentation theory: A homoligical algebra point view
260 _aCham
_bSpringer
_c2014
300 _axx, 707 p.
942 _cBK
999 _c166140
_d166140